000
00308nam a2200121Ia 4500
008
230511s1967 xx 000 0 und d
041
_a
eng
082
_a
348.044
100
_a
Gopalakrishnan Rajagopala Iyer
245
_a
Supreme Court Encyclopadia 1966
260
_c
1967
906
_a
Supreme Court Cases
999
_c
353845
_d
353845